000 00374nam a22001577a 4500
003 OSt
005 20211029094542.0
008 211029b |||||||| |||| 00| 0 eng d
020 _a817691012
040 _aHU
_cDDC
082 _a378.2/PHI
245 _aHOW TO GET A PHD
260 _aNEW DELHI
_bVIVA BOOKSPRIVATE
_c1999
300 _axii,196,P,15CM
942 _2ddc
_cBOOKS
_n0
999 _c15756
_d15756